000 00559nam a2200181 i 4500
001 bgj
245 1 0 _aPeter Handke :
_bsechs Beiträge /
_cRedaktionskomitee John Ole Askedal [et al.].
260 _aOslo :
_bGermanistischen Instituts der Universität Oslo,
_c1986.
300 _aK. 25-44 ;
_c21 cm.
490 1 _aOsloer Beiträge zur Germanistik
_v11
650 9 _aLiteratura niemiecka
830 _aOsloer Beiträge zur Germanistik
040 _cBPK
041 0 _ager
080 _a821.112.2
942 _cKS
008 s gw f |000 0 ger
999 _c49935
_d49935
856 _uhttp://koha.tu.koszalin.pl/cgi-bin/koha/opac-detail.pl?biblionumber=49935
_yKatalog online BPK